| 000 | 00572nam a22001697a 4500 | ||
|---|---|---|---|
| 005 | 20251108172748.0 | ||
| 008 | 250721s2002 xx 000 0 ara d | ||
| 082 | 1 | 4 | _a415.1/موس |
| 100 | 1 |
_aموسى، عطا محمد _eمؤلف |
|
| 245 | 1 | 0 | _aمناهج الدرس النحوي في العالم العربي في القرن العشرين / |
| 264 | 1 |
_aعمان : _bدار الإسراء للنشر والتوزيع، _c2002. |
|
| 300 | _a394ص. | ||
| 650 | 1 | 7 | _aاللغة العربية |
| 650 | 1 | 7 | _aقواعد اللغة |
| 942 |
_2ddc _cBK |
||
| 999 |
_c87870 _d87870 |
||